NFL Team Logos - Statistics

General Stats
  • This quiz has been taken 146 times
  • The average score is 28 of 32
Answer Stats
Picture Answer % Correct
Baltimore Ravens
94%
Detroit Lions
93%
Las Vegas Raiders
93%
Miami Dolphins
93%
New York Jets
93%
Carolina Panthers
92%
Kansas City Chiefs
92%
Pittsburgh Steelers
92%
Atlanta Falcons
91%
Chicago Bears
91%
Philadelphia Eagles
91%
Green Bay Packers
90%
Jacksonville Jaguars
90%
Minnesota Vikings
90%
Arizona Cardinals
89%
Buffalo Bills
89%
Cleveland Browns
89%
Dallas Cowboys
89%
New England Patriots
88%
Cincinnati Bengals
87%
Denver Broncos
87%
Los Angeles Rams
87%
San Francisco 49ers
87%
Houston Texans
86%
Seattle Seahawks
84%
Indianapolis Colts
83%
Los Angeles Chargers
83%
New Orleans Saints
81%
New York Giants
81%
Tennessee Titans
81%
Tampa Bay Buccaneers
79%
Washington Commanders
78%
No matching quizzes found
Score Distribution
Percent of People with Each Score
Percentile by Number Answered
Your Score History
You have not taken this quiz